[Event "World Chess Olympiad 2018"]
[Site "Batumi"]
[Date "2018.10.02"]
[Round "8"]
[Board "3"]
[WhiteFideId "1024523"]
[White "Beukema Stefan"]
[BlackFideId "14604299"]
[Black "Skoberne Jure"]
[Result "0-1"]
[LiveChessVersion "1.4.8"]
[BlackElo "2565"]
[WhiteElo "2396"]

1. e4 {[%clk 1:30:52]} c5 {[%clk 1:30:50]} 2. Nf3 {[%clk 1:31:14]} Nc6
{[%clk 1:31:14]} 3. d4 {[%clk 1:31:38]} cxd4 {[%clk 1:31:39]} 4. Nxd4
{[%clk 1:32:02]} Nf6 {[%clk 1:31:51]} 5. Nc3 {[%clk 1:32:24]} e5 {[%clk 1:32:15]}
6. Ndb5 {[%clk 1:32:43]} d6 {[%clk 1:32:36]} 7. Bg5 {[%clk 1:33:05]} a6
{[%clk 1:33:01]} 8. Na3 {[%clk 1:33:24]} b5 {[%clk 1:33:26]} 9. Bxf6
{[%clk 1:30:03]} gxf6 {[%clk 1:33:44]} 10. Nd5 {[%clk 1:30:27]} Bg7
{[%clk 1:34:03]} 11. Bd3 {[%clk 1:30:30]} Ne7 {[%clk 1:33:24]} 12. Nxe7
{[%clk 1:28:44]} Qxe7 {[%clk 1:33:50]} 13. c4 {[%clk 1:29:05]} O-O
{[%clk 1:06:51]} 14. cxb5 {[%clk 1:22:17]} f5 {[%clk 0:59:05]} 15. O-O
{[%clk 1:13:51]} d5 {[%clk 0:58:37]} 16. exd5 {[%clk 0:59:41]} e4
{[%clk 0:58:38]} 17. Qe2 {[%clk 0:49:01]} Qb4 {[%clk 0:51:12]} 18. Bc4
{[%clk 0:46:28]} Qxb2 {[%clk 0:51:32]} 19. Nc2 {[%clk 0:46:39]} axb5
{[%clk 0:51:45]} 20. Rab1 {[%clk 0:39:32]} Qf6 {[%clk 0:42:48]} 21. Rxb5
{[%clk 0:39:39]} f4 {[%clk 0:43:12]} 22. d6 {[%clk 0:25:28]} Qg6 {[%clk 0:39:04]}
23. Qh5 {[%clk 0:14:44]} Qxd6 {[%clk 0:33:52]} 24. Nb4 {[%clk 0:07:32]} Rb8
{[%clk 0:27:32]} 25. Rxb8 {[%clk 0:05:39]} Qxb8 {[%clk 0:27:56]} 26. Nd5
{[%clk 0:05:51]} Kh8 {[%clk 0:26:51]} 27. Qh4 {[%clk 0:04:06]} Be6
{[%clk 0:26:41]} 28. Nf6 {[%clk 0:04:05]} Bf5 {[%clk 0:27:05]} 29. Nh5
{[%clk 0:02:10]} f3 {[%clk 0:03:42]} 30. Nxg7 {[%clk 0:02:16]} Kxg7
{[%clk 0:04:07]} 31. Qg5+ {[%clk 0:00:59]} Bg6 {[%clk 0:04:31]} 32. Rd1
{[%clk 0:00:36]} Qc7 {[%clk 0:01:19]} 33. Bb3 {[%clk 0:00:48]} Re8
{[%clk 0:01:29]} 34. h4 {[%clk 0:00:45]} h6 {[%clk 0:01:09]} 35. Qb5
{[%clk 0:00:33]} Re5 {[%clk 0:00:36]} 36. Qb4 {[%clk 0:00:42]} Qc8
{[%clk 0:00:47]} 37. Qd4 {[%clk 0:00:47]} Qf5 {[%clk 0:01:04]} 38. Rc1
{[%clk 0:00:33]} Kh7 {[%clk 0:01:13]} 39. Bc4 {[%clk 0:00:36]} Re8
{[%clk 0:00:34]} 40. g3 {[%clk 0:30:43]} e3 {[%clk 0:30:52]} 41. g4
{[%clk 0:26:46]} Qc8 {[%clk 0:19:16]} 42. h5 {[%clk 0:13:24]} Be4
{[%clk 0:19:34]} 43. Qxe3 {[%clk 0:13:45]} Qxg4+ {[%clk 0:19:44]} 44. Kf1
{[%clk 0:14:10]} Qg2+ {[%clk 0:19:08]} 45. Ke1 {[%clk 0:14:35]} Bc6
{[%clk 0:19:26]} 46. Bd3+ {[%clk 0:14:08]} Kg7 {[%clk 0:19:47]} 47. Qxe8
{[%clk 0:14:12]} Bxe8 {[%clk 0:20:10]} 48. Rc5 {[%clk 0:14:29]} Qg1+
{[%clk 0:20:28]} 49. Bf1 {[%clk 0:14:54]} Bd7 {[%clk 0:20:51]} 0-1

[Event "World Chess Olympiad 2018"]
[Site "Batumi"]
[Date "2018.10.02"]
[Round "8"]
[Board "4"]
[WhiteFideId "14608502"]
[White "Markoja Boris"]
[BlackFideId "240990"]
[Black "Dardha Daniel"]
[Result "1-0"]
[LiveChessVersion "1.4.8"]
[BlackElo "2299"]
[WhiteElo "2456"]

1. d4 {[%clk 1:30:56]} Nf6 {[%clk 1:30:51]} 2. c4 {[%clk 1:31:21]} c5
{[%clk 1:31:18]} 3. d5 {[%clk 1:30:55]} e6 {[%clk 1:31:37]} 4. Nc3
{[%clk 1:30:09]} exd5 {[%clk 1:32:02]} 5. cxd5 {[%clk 1:27:08]} d6
{[%clk 1:32:26]} 6. g3 {[%clk 1:27:29]} g6 {[%clk 1:32:49]} 7. Bg2
{[%clk 1:27:50]} Bg7 {[%clk 1:33:14]} 8. Nf3 {[%clk 1:28:04]} O-O
{[%clk 1:33:38]} 9. O-O {[%clk 1:28:25]} Re8 {[%clk 1:34:03]} 10. Bf4
{[%clk 1:27:52]} Ne4 {[%clk 1:34:08]} 11. Nxe4 {[%clk 1:19:24]} Rxe4
{[%clk 1:34:32]} 12. Nd2 {[%clk 1:19:10]} Rxf4 {[%clk 1:34:55]} 13. gxf4
{[%clk 1:19:36]} Bxb2 {[%clk 1:35:19]} 14. Rb1 {[%clk 1:20:02]} Bg7
{[%clk 1:35:44]} 15. Nc4 {[%clk 1:13:34]} b6 {[%clk 1:31:35]} 16. a4
{[%clk 1:12:04]} Na6 {[%clk 1:25:42]} 17. e4 {[%clk 1:03:57]} Nb4
{[%clk 1:08:07]} 18. e5 {[%clk 0:55:24]} Ba6 {[%clk 0:34:35]} 19. Nxd6
{[%clk 0:46:52]} Bxf1 {[%clk 0:34:21]} 20. Kxf1 {[%clk 0:46:02]} Qh4
{[%clk 0:30:37]} 21. Qf3 {[%clk 0:43:02]} Rd8 {[%clk 0:21:39]} 22. Rd1
{[%clk 0:35:07]} Rxd6 {[%clk 0:18:58]} 23. exd6 {[%clk 0:35:03]} Qd8
{[%clk 0:19:24]} 24. Re1 {[%clk 0:27:51]} Bf6 {[%clk 0:17:59]} 25. Qe4
{[%clk 0:23:53]} Qxd6 {[%clk 0:18:14]} 26. h3 {[%clk 0:18:36]} Kg7
{[%clk 0:18:17]} 27. f5 {[%clk 0:18:26]} a6 {[%clk 0:17:58]} 28. fxg6
{[%clk 0:17:40]} hxg6 {[%clk 0:18:27]} 29. h4 {[%clk 0:16:21]} Qh2
{[%clk 0:09:51]} 30. Re3 {[%clk 0:13:19]} b5 {[%clk 0:06:40]} 31. axb5
{[%clk 0:09:39]} axb5 {[%clk 0:07:01]} 32. Qe8 {[%clk 0:09:23]} Nc2
{[%clk 0:04:10]} 33. Rg3 {[%clk 0:06:37]} Bxh4 {[%clk 0:02:47]} 34. Rf3
{[%clk 0:04:52]} Qc7 {[%clk 0:01:41]} 35. d6 {[%clk 0:03:03]} Qa7
{[%clk 0:02:00]} 36. Qe5+ {[%clk 0:02:52]} f6 {[%clk 0:01:30]} 37. Qe7+
{[%clk 0:02:49]} Qxe7 {[%clk 0:01:57]} 38. dxe7 {[%clk 0:03:16]} Kf7
{[%clk 0:02:14]} 39. Rc3 {[%clk 0:03:38]} Nb4 {[%clk 0:01:22]} 40. Rxc5
{[%clk 0:30:49]} Kxe7 {[%clk 0:30:55]} 41. Be4 {[%clk 0:25:51]} f5
{[%clk 0:21:10]} 42. Rxb5 {[%clk 0:24:53]} Na6 {[%clk 0:19:05]} 43. Rb7+
{[%clk 0:21:08]} Kf6 {[%clk 0:13:56]} 44. Rb6+ {[%clk 0:20:40]} Kg5
{[%clk 0:13:25]} 45. Bxf5 {[%clk 0:12:48]} Kxf5 {[%clk 0:12:25]} 46. Rxa6
{[%clk 0:13:13]} g5 {[%clk 0:10:28]} 47. Rh6 {[%clk 0:13:18]} Kf4
{[%clk 0:10:31]} 48. Kg2 {[%clk 0:13:43]} Kg4 {[%clk 0:06:06]} 49. Rh8
{[%clk 0:13:51]} Kf4 {[%clk 0:06:26]} 50. Rf8+ {[%clk 0:13:22]} Kg4
{[%clk 0:06:11]} 51. f3+ {[%clk 0:13:21]} Kh5 {[%clk 0:06:38]} 52. Re8
{[%clk 0:13:46]} Kg6 {[%clk 0:04:13]} 53. Kh3 {[%clk 0:13:20]} Bf2
{[%clk 0:03:21]} 54. Kg4 {[%clk 0:13:45]} Bc5 {[%clk 0:03:04]} 55. Re5
{[%clk 0:13:44]} Bd4 {[%clk 0:03:20]} 56. Rxg5+ {[%clk 0:14:06]} Kf6
{[%clk 0:03:47]} 57. Rb5 {[%clk 0:14:22]} Be3 {[%clk 0:04:09]} 58. f4
{[%clk 0:14:44]} Kg6 {[%clk 0:04:36]} 59. Kf3 {[%clk 0:15:03]} 1-0

[Event "World Chess Olympiad 2018"]
[Site "Batumi"]
[Date "2018.10.02"]
[Round "8"]
[Board "1"]
[WhiteFideId "14200244"]
[White "Kasimdzhanov Rustam"]
[BlackFideId "4900847"]
[Black "Batchuluun Tsegmed"]
[Result "1/2-1/2"]
[LiveChessVersion "1.4.8"]
[BlackElo "2570"]
[WhiteElo "2662"]

1. d4 {[%clk 1:30:56]} Nf6 {[%clk 1:29:53]} 2. c4 {[%clk 1:31:18]} e6
{[%clk 1:29:51]} 3. Nf3 {[%clk 1:31:41]} d5 {[%clk 1:29:46]} 4. g3
{[%clk 1:32:06]} Bb4+ {[%clk 1:25:12]} 5. Nc3 {[%clk 1:31:43]} O-O
{[%clk 1:24:07]} 6. Bg2 {[%clk 1:31:55]} dxc4 {[%clk 1:22:42]} 7. O-O
{[%clk 1:31:31]} Nc6 {[%clk 1:21:14]} 8. Qa4 {[%clk 1:28:33]} Bd7
{[%clk 1:01:25]} 9. Bg5 {[%clk 1:26:47]} a5 {[%clk 0:46:19]} 10. Bxf6
{[%clk 1:24:02]} Qxf6 {[%clk 0:43:31]} 11. a3 {[%clk 1:23:54]} Bd6
{[%clk 0:41:08]} 12. Qxc4 {[%clk 1:17:24]} e5 {[%clk 0:37:02]} 13. d5
{[%clk 1:10:37]} Na7 {[%clk 0:37:13]} 14. Ne4 {[%clk 0:49:51]} Qe7
{[%clk 0:37:11]} 15. Rfc1 {[%clk 0:50:13]} Bb5 {[%clk 0:31:20]} 16. Qc2
{[%clk 0:49:25]} Rfd8 {[%clk 0:31:24]} 17. h4 {[%clk 0:45:49]} h6
{[%clk 0:30:32]} 18. h5 {[%clk 0:43:20]} Bd7 {[%clk 0:27:39]} 19. Nh4
{[%clk 0:42:50]} Bg4 {[%clk 0:25:29]} 20. Bf3 {[%clk 0:33:32]} Bxf3
{[%clk 0:25:53]} 21. Nxf3 {[%clk 0:33:39]} Qd7 {[%clk 0:24:57]} 22. Kg2
{[%clk 0:26:13]} Nc8 {[%clk 0:24:04]} 23. Qb3 {[%clk 0:20:50]} Ne7
{[%clk 0:23:13]} 24. Nh4 {[%clk 0:14:28]} a4 {[%clk 0:22:09]} 25. Qc4
{[%clk 0:07:49]} Ra5 {[%clk 0:21:01]} 26. Rd1 {[%clk 0:08:05]} f5
{[%clk 0:14:23]} 27. Nxd6 {[%clk 0:06:09]} cxd6 {[%clk 0:14:23]} 28. e4
{[%clk 0:03:33]} Rc5 {[%clk 0:13:21]} 29. Qd3 {[%clk 0:03:21]} fxe4
{[%clk 0:11:08]} 30. Qxe4 {[%clk 0:03:45]} Rdc8 {[%clk 0:10:58]} 31. Rd2
{[%clk 0:02:27]} Rc4 {[%clk 0:11:13]} 32. Qe2 {[%clk 0:02:51]} b5
{[%clk 0:08:59]} 33. Rad1 {[%clk 0:03:07]} R8c5 {[%clk 0:08:07]} 34. Kg1
{[%clk 0:01:59]} Qh3 {[%clk 0:06:55]} 35. Re1 {[%clk 0:01:56]} Rg4
{[%clk 0:04:05]} 36. Ng6 {[%clk 0:00:39]} Nxg6 {[%clk 0:02:06]} 37. hxg6
{[%clk 0:01:07]} Rxg6 {[%clk 0:02:28]} 38. Rc2 {[%clk 0:00:42]} Rxc2
{[%clk 0:00:32]} 39. Qxc2 {[%clk 0:01:09]} Qg4 {[%clk 0:00:37]} 40. Qd3
{[%clk 0:30:49]} h5 {[%clk 0:30:35]} 41. Re4 {[%clk 0:17:13]} Qf5
{[%clk 0:27:19]} 42. Qe2 {[%clk 0:15:46]} Kh7 {[%clk 0:19:34]} 43. Rh4
{[%clk 0:10:58]} Rg4 {[%clk 0:18:45]} 44. Rxg4 {[%clk 0:11:11]} Qxg4
{[%clk 0:17:41]} 45. Qxb5 {[%clk 0:10:50]} Qd1+ {[%clk 0:16:50]} 46. Kg2
{[%clk 0:11:09]} e4 {[%clk 0:16:16]} 47. Qe8 {[%clk 0:02:00]} Qxd5
{[%clk 0:16:12]} 48. Qxa4 {[%clk 0:00:57]} Qd3 {[%clk 0:10:03]} 49. Qa7
{[%clk 0:00:50]} Qf3+ {[%clk 0:05:41]} 50. Kh2 {[%clk 0:01:14]} h4
{[%clk 0:04:36]} 51. gxh4 {[%clk 0:01:31]} 1/2-1/2

[Event "World Chess Olympiad 2018"]
[Site "Batumi"]
[Date "2018.10.02"]
[Round "8"]
[Board "2"]
[WhiteFideId "4901541"]
[White "Bilguun Sumiya"]
[BlackFideId "14204118"]
[Black "Abdusattorov Nodirbek"]
[Result "1/2-1/2"]
[LiveChessVersion "1.4.8"]
[BlackElo "2558"]
[WhiteElo "2489"]

1. e4 {[%clk 1:30:55]} c5 {[%clk 1:30:47]} 2. Nf3 {[%clk 1:31:21]} d6
{[%clk 1:31:13]} 3. d4 {[%clk 1:31:43]} cxd4 {[%clk 1:31:36]} 4. Nxd4
{[%clk 1:32:06]} Nf6 {[%clk 1:32:00]} 5. Nc3 {[%clk 1:32:28]} a6 {[%clk 1:32:26]}
6. f4 {[%clk 1:32:45]} e5 {[%clk 1:32:51]} 7. Nf3 {[%clk 1:33:10]} Nbd7
{[%clk 1:33:18]} 8. a4 {[%clk 1:33:32]} Be7 {[%clk 1:33:13]} 9. Bc4
{[%clk 1:33:45]} O-O {[%clk 1:30:45]} 10. O-O {[%clk 1:33:49]} exf4
{[%clk 1:29:03]} 11. Bxf4 {[%clk 1:34:09]} Nc5 {[%clk 1:27:49]} 12. Qe2
{[%clk 1:08:27]} Bg4 {[%clk 1:19:56]} 13. Kh1 {[%clk 1:04:57]} Rc8
{[%clk 1:16:39]} 14. b3 {[%clk 0:46:38]} Be6 {[%clk 0:52:34]} 15. Bxe6
{[%clk 0:39:36]} Nxe6 {[%clk 0:52:41]} 16. Bd2 {[%clk 0:39:55]} Re8
{[%clk 0:51:45]} 17. Rae1 {[%clk 0:33:48]} Bf8 {[%clk 0:47:29]} 18. Qd3
{[%clk 0:27:47]} Qc7 {[%clk 0:41:52]} 19. Nh4 {[%clk 0:24:52]} Nc5
{[%clk 0:35:30]} 20. Qf3 {[%clk 0:12:54]} Qc6 {[%clk 0:30:25]} 21. Bg5
{[%clk 0:12:23]} Ncxe4 {[%clk 0:24:39]} 22. Nxe4 {[%clk 0:12:31]} Rxe4
{[%clk 0:24:45]} 23. Bxf6 {[%clk 0:12:11]} Rxe1 {[%clk 0:25:07]} 24. Rxe1
{[%clk 0:12:36]} Qxf3 {[%clk 0:25:18]} 25. gxf3 {[%clk 0:11:48]} gxf6
{[%clk 0:25:39]} 26. c4 {[%clk 0:11:50]} Rc5 {[%clk 0:25:04]} 27. Rg1+
{[%clk 0:08:21]} Kh8 {[%clk 0:24:33]} 28. Rd1 {[%clk 0:08:07]} Re5
{[%clk 0:18:36]} 29. Rd3 {[%clk 0:07:09]} Kg7 {[%clk 0:14:41]} 30. f4
{[%clk 0:05:58]} Rh5 {[%clk 0:14:17]} 31. Ng2 {[%clk 0:05:18]} Rf5
{[%clk 0:10:44]} 32. h3 {[%clk 0:04:59]} Rc5 {[%clk 0:08:57]} 33. Ne3
{[%clk 0:04:36]} Kg6 {[%clk 0:08:24]} 34. Kg2 {[%clk 0:04:36]} f5
{[%clk 0:06:24]} 35. Kf3 {[%clk 0:02:59]} f6 {[%clk 0:03:23]} 36. Rd5
{[%clk 0:02:38]} Rc6 {[%clk 0:02:01]} 37. Nxf5 {[%clk 0:02:09]} Kf7
{[%clk 0:01:24]} 38. Rd3 {[%clk 0:01:37]} Ke8 {[%clk 0:01:17]} 39. Nd4
{[%clk 0:01:25]} Rc8 {[%clk 0:01:21]} 40. Ne6 {[%clk 0:31:15]} Be7
{[%clk 0:30:47]} 41. Rd5 {[%clk 0:23:02]} Kf7 {[%clk 0:27:07]} 42. Nd4
{[%clk 0:23:10]} Bf8 {[%clk 0:26:31]} 43. Nf5 {[%clk 0:20:51]} Ke6
{[%clk 0:26:20]} 44. Ne3 {[%clk 0:21:08]} Kf7 {[%clk 0:25:25]} 45. Ng4
{[%clk 0:20:53]} Re8 {[%clk 0:23:55]} 46. Ne3 {[%clk 0:18:05]} Rc8
{[%clk 0:23:07]} 47. Nf5 {[%clk 0:18:17]} Ke6 {[%clk 0:23:22]} 48. Ng3
{[%clk 0:18:41]} Rc7 {[%clk 0:18:20]} 49. Ne4 {[%clk 0:18:02]} f5
{[%clk 0:18:08]} 50. Ng5+ {[%clk 0:13:56]} Kf6 {[%clk 0:18:29]} 51. Kf2
{[%clk 0:13:58]} h6 {[%clk 0:16:41]} 52. Nf3 {[%clk 0:14:18]} Rc5
{[%clk 0:16:16]} 53. Nd4 {[%clk 0:08:15]} Be7 {[%clk 0:14:32]} 54. Ke2
{[%clk 0:03:27]} Rxd5 {[%clk 0:14:29]} 55. cxd5 {[%clk 0:03:55]} Kg6
{[%clk 0:11:54]} 56. Kf3 {[%clk 0:03:06]} Bf6 {[%clk 0:11:44]} 57. Nc2
{[%clk 0:02:07]} Bd8 {[%clk 0:11:18]} 58. Ne3 {[%clk 0:01:35]} Ba5
{[%clk 0:10:36]} 59. Nc4 {[%clk 0:01:33]} Bb4 {[%clk 0:10:57]} 60. Nb6
{[%clk 0:01:34]} Kf6 {[%clk 0:10:57]} 61. Nc4 {[%clk 0:01:39]} Kg6
{[%clk 0:10:29]} 62. Ne3 {[%clk 0:01:38]} Kf6 {[%clk 0:10:25]} 63. Nc2
{[%clk 0:01:27]} Bc5 {[%clk 0:10:34]} 64. b4 {[%clk 0:01:49]} Ba7
{[%clk 0:10:34]} 65. Na3 {[%clk 0:02:00]} Bb6 {[%clk 0:08:48]} 66. Nc4
{[%clk 0:02:14]} Bc7 {[%clk 0:09:12]} 67. b5 {[%clk 0:01:45]} axb5
{[%clk 0:08:46]} 68. axb5 {[%clk 0:02:13]} b6 {[%clk 0:09:06]} 69. Kg2
{[%clk 0:01:30]} Kg7 {[%clk 0:08:11]} 70. Kg3 {[%clk 0:01:40]} Kg6
{[%clk 0:08:32]} 71. Kf3 {[%clk 0:01:53]} Kf6 {[%clk 0:08:53]} 72. Ne3
{[%clk 0:01:48]} Bd8 {[%clk 0:09:07]} 73. Nc2 {[%clk 0:01:58]} Kg6
{[%clk 0:09:23]} 74. Na3 {[%clk 0:01:44]} Kf6 {[%clk 0:09:42]} 75. Ke3
{[%clk 0:01:45]} Kg6 {[%clk 0:09:04]} 76. Ke2 {[%clk 0:01:45]} Kf7
{[%clk 0:09:19]} 77. Nc4 {[%clk 0:01:52]} Bc7 {[%clk 0:09:44]} 78. Ne3
{[%clk 0:01:46]} Kg6 {[%clk 0:10:08]} 79. Nc2 {[%clk 0:02:08]} Bd8
{[%clk 0:10:25]} 80. Na3 {[%clk 0:01:42]} Kf7 {[%clk 0:10:47]} 81. Nc2
{[%clk 0:01:43]} Kg6 {[%clk 0:10:59]} 82. Ne3 {[%clk 0:02:08]} Kf6
{[%clk 0:11:17]} 83. Kd2 {[%clk 0:02:18]} Kg6 {[%clk 0:11:33]} 84. Kd3
{[%clk 0:02:35]} Kf6 {[%clk 0:11:11]} 85. Nc4 {[%clk 0:02:01]} Bc7
{[%clk 0:11:34]} 86. Nd2 {[%clk 0:01:37]} Kg6 {[%clk 0:11:22]} 87. Nf3
{[%clk 0:01:33]} Bd8 {[%clk 0:11:38]} 88. Nd2 {[%clk 0:01:15]} Kh5
{[%clk 0:11:17]} 89. Ke2 {[%clk 0:01:10]} Kh4 {[%clk 0:09:02]} 90. Nc4
{[%clk 0:01:15]} Kxh3 {[%clk 0:07:10]} 91. Kf3 {[%clk 0:01:06]} Bc7
{[%clk 0:05:02]} 92. Ne3 {[%clk 0:01:32]} Kh4 {[%clk 0:03:37]} 93. Nxf5+
{[%clk 0:01:52]} Kh5 {[%clk 0:04:01]} 94. Ng7+ {[%clk 0:01:28]} Kg6
{[%clk 0:04:24]} 95. Ne6 {[%clk 0:01:51]} Bb8 {[%clk 0:04:47]} 96. Kg4
{[%clk 0:01:29]} h5+ {[%clk 0:05:06]} 97. Kg3 {[%clk 0:01:36]} Kf5
{[%clk 0:03:52]} 98. Kf3 {[%clk 0:01:54]} Kg6 {[%clk 0:03:48]} 99. Ke4
{[%clk 0:01:30]} Kf6 {[%clk 0:03:58]} 100. f5 {[%clk 0:01:30]} h4
{[%clk 0:03:41]} 101. Nf4 {[%clk 0:01:59]} Bc7 {[%clk 0:03:28]} 102. Nh3
{[%clk 0:02:21]} Bd8 {[%clk 0:03:46]} 103. Kf4 {[%clk 0:02:51]} Kf7
{[%clk 0:03:39]} 104. Kg4 {[%clk 0:02:39]} Kf6 {[%clk 0:03:24]} 105. Kf4
{[%clk 0:03:08]} Kf7 {[%clk 0:03:46]} 106. Nf2 {[%clk 0:03:35]} Be7
{[%clk 0:03:25]} 107. Ne4 {[%clk 0:03:51]} Kg7 {[%clk 0:03:43]} 108. Kf3
{[%clk 0:03:15]} Kf7 {[%clk 0:03:33]} 109. Kg4 {[%clk 0:03:31]} Kg7
{[%clk 0:03:55]} 110. Nf2 {[%clk 0:01:35]} Kf6 {[%clk 0:04:04]} 111. Kf4
{[%clk 0:02:03]} Kf7 {[%clk 0:04:06]} 112. Ng4 {[%clk 0:02:02]} Kg7
{[%clk 0:04:02]} 113. Nf2 {[%clk 0:01:36]} Kf6 {[%clk 0:04:10]} 114. Ne4+
{[%clk 0:02:02]} Kg7 {[%clk 0:04:23]} 115. Kg4 {[%clk 0:02:27]} Kf7
{[%clk 0:04:46]} 116. Nd2 {[%clk 0:01:50]} Kf6 {[%clk 0:04:53]} 117. Kf4
{[%clk 0:02:04]} Bd8 {[%clk 0:02:34]} 118. Nc4 {[%clk 0:01:36]} Bc7
{[%clk 0:02:11]} 119. Nd2 {[%clk 0:01:20]} Bd8 {[%clk 0:02:34]} 120. Nc4
{[%clk 0:01:45]} Bc7 {[%clk 0:02:45]} 121. Nd2 {[%clk 0:01:56]} Bd8
{[%clk 0:03:01]} 122. Nf3 {[%clk 0:02:07]} h3 {[%clk 0:02:22]} 123. Nh2
{[%clk 0:02:27]} Kg7 {[%clk 0:02:40]} 124. Kg4 {[%clk 0:02:05]} Kf6
{[%clk 0:02:55]} 1/2-1/2

[Event "World Chess Olympiad 2018"]
[Site "Batumi"]
[Date "2018.10.02"]
[Round "8"]
[Board "3"]
[WhiteFideId "14203987"]
[White "Yakubboev Nodirbek"]
[BlackFideId "4900880"]
[Black "Battulga Namkhai"]
[Result "1-0"]
[LiveChessVersion "1.4.8"]
[BlackElo "2421"]
[WhiteElo "2521"]

1. c4 {[%clk 1:30:34]} c6 {[%clk 1:30:50]} 2. d4 {[%clk 1:27:34]} d5
{[%clk 1:31:18]} 3. Nf3 {[%clk 1:27:07]} Nf6 {[%clk 1:31:45]} 4. e3
{[%clk 1:25:06]} e6 {[%clk 1:32:13]} 5. b3 {[%clk 1:24:25]} c5 {[%clk 1:32:38]}
6. cxd5 {[%clk 1:23:52]} Nxd5 {[%clk 1:33:05]} 7. Bb2 {[%clk 1:22:56]} cxd4
{[%clk 1:33:12]} 8. Nxd4 {[%clk 1:22:21]} Be7 {[%clk 1:31:29]} 9. Bc4
{[%clk 1:18:02]} O-O {[%clk 1:30:30]} 10. O-O {[%clk 1:17:34]} Nb6
{[%clk 1:30:15]} 11. Be2 {[%clk 1:16:47]} e5 {[%clk 1:16:08]} 12. Nb5
{[%clk 1:16:00]} Nc6 {[%clk 1:16:11]} 13. Bf3 {[%clk 1:14:08]} f6
{[%clk 1:14:25]} 14. Qe2 {[%clk 1:12:32]} Bf5 {[%clk 0:59:23]} 15. Rd1
{[%clk 1:11:59]} Qc8 {[%clk 0:56:47]} 16. N1c3 {[%clk 1:07:54]} Re8
{[%clk 0:33:19]} 17. Ne4 {[%clk 0:51:14]} Rd8 {[%clk 0:22:15]} 18. Rxd8+
{[%clk 0:36:02]} Qxd8 {[%clk 0:21:37]} 19. Rd1 {[%clk 0:36:21]} Qb8
{[%clk 0:19:49]} 20. Ned6 {[%clk 0:32:45]} Bg6 {[%clk 0:17:24]} 21. Qd2
{[%clk 0:23:35]} a6 {[%clk 0:14:38]} 22. Nc3 {[%clk 0:23:42]} Qc7
{[%clk 0:14:33]} 23. Ba3 {[%clk 0:21:29]} Rd8 {[%clk 0:10:54]} 24. Nd5
{[%clk 0:20:49]} Nxd5 {[%clk 0:09:45]} 25. Qxd5+ {[%clk 0:20:55]} Kf8
{[%clk 0:04:03]} 26. Be2 {[%clk 0:18:30]} b5 {[%clk 0:04:11]} 27. Bc5
{[%clk 0:18:23]} e4 {[%clk 0:02:52]} 28. b4 {[%clk 0:16:11]} Qd7 {[%clk 0:00:32]}
29. h4 {[%clk 0:08:35]} Ne5 {[%clk 0:00:50]} 30. h5 {[%clk 0:08:38]} Be8
{[%clk 0:00:34]} 31. Qxe4 {[%clk 0:08:28]} Qc6 {[%clk 0:00:33]} 32. Rd4
{[%clk 0:05:51]} Qxe4 {[%clk 0:00:31]} 33. Nxe4 {[%clk 0:08:08]} Rc8
{[%clk 0:00:33]} 34. Nd6 {[%clk 0:07:25]} Rc7 {[%clk 0:01:01]} 35. f4
{[%clk 0:03:41]} Nd7 {[%clk 0:01:17]} 36. Nxe8 {[%clk 0:03:49]} Kxe8
{[%clk 0:01:43]} 37. Bd6 {[%clk 0:03:49]} Rc6 {[%clk 0:01:12]} 38. Bxe7
{[%clk 0:04:09]} Kxe7 {[%clk 0:01:32]} 39. Bd3 {[%clk 0:03:10]} h6
{[%clk 0:01:04]} 40. Be4 {[%clk 0:32:34]} Rc3 {[%clk 0:31:09]} 41. Kf2
{[%clk 0:29:42]} Nb6 {[%clk 0:29:59]} 42. Bf5 {[%clk 0:29:06]} Ra3
{[%clk 0:20:46]} 43. Re4+ {[%clk 0:25:25]} Kd8 {[%clk 0:21:15]} 44. Be6
{[%clk 0:24:29]} Na4 {[%clk 0:20:06]} 45. Rd4+ {[%clk 0:14:44]} Ke7
{[%clk 0:20:23]} 46. f5 {[%clk 0:14:55]} Nb6 {[%clk 0:19:36]} 47. Re4
{[%clk 0:14:24]} Kf8 {[%clk 0:19:00]} 48. Bb3 {[%clk 0:13:59]} Na4
{[%clk 0:17:43]} 49. Rd4 {[%clk 0:11:50]} Nc3 {[%clk 0:15:26]} 50. Rd8+
{[%clk 0:10:47]} Ke7 {[%clk 0:15:54]} 51. Rg8 {[%clk 0:10:50]} Nxa2
{[%clk 0:16:16]} 52. Rxg7+ {[%clk 0:10:58]} Kd6 {[%clk 0:16:22]} 53. Bxa2
{[%clk 0:10:46]} Rxa2+ {[%clk 0:16:48]} 54. Kf3 {[%clk 0:11:12]} Ra4
{[%clk 0:14:39]} 55. Ra7 {[%clk 0:08:18]} Kd5 {[%clk 0:14:27]} 56. g4
{[%clk 0:07:32]} Ra1 {[%clk 0:12:13]} 57. Rf7 {[%clk 0:05:49]} Rf1+
{[%clk 0:06:45]} 58. Kg2 {[%clk 0:06:10]} Rb1 {[%clk 0:07:04]} 59. Rxf6
{[%clk 0:06:34]} Rxb4 {[%clk 0:07:32]} 60. Kf3 {[%clk 0:05:16]} Ra4
{[%clk 0:07:07]} 61. Rxh6 {[%clk 0:05:18]} Ra1 {[%clk 0:06:41]} 62. Rb6
{[%clk 0:04:55]} Kc5 {[%clk 0:06:43]} 63. Rb8 {[%clk 0:05:15]} Kc6
{[%clk 0:07:12]} 64. h6 {[%clk 0:04:59]} Rh1 {[%clk 0:07:39]} 65. g5
{[%clk 0:04:54]} Kc7 {[%clk 0:08:09]} 66. Ra8 {[%clk 0:04:51]} Kb7
{[%clk 0:07:34]} 67. g6 {[%clk 0:04:36]} Rh3+ {[%clk 0:06:39]} 68. Kf4
{[%clk 0:04:30]} 1-0